|
|
|
|
| LEADER |
01228nam a2200337 a 4500 |
| 001 |
EBC286852 |
| 003 |
MiAaPQ |
| 005 |
20200520144314.0 |
| 006 |
m o d | |
| 007 |
cr cn||||||||| |
| 008 |
081016s2006 sz a sbf 000 0 eng d |
| 020 |
|
|
|z 9241546751
|
| 020 |
|
|
|z 9789241546751
|
| 020 |
|
|
|z 9789240682085
|
| 035 |
|
|
|a (MiAaPQ)EBC286852
|
| 035 |
|
|
|a (Au-PeEL)EBL286852
|
| 035 |
|
|
|a (CaPaEBR)ebr10161479
|
| 035 |
|
|
|a (CaONFJC)MIL84157
|
| 035 |
|
|
|a (OCoLC)437176648
|
| 040 |
|
|
|a MiAaPQ
|c MiAaPQ
|d MiAaPQ
|
| 050 |
|
4 |
|a HE5613.5
|b .M64 2006
|
| 100 |
1 |
|
|a Mohan, Dinesh,
|d 1945-
|
| 245 |
1 |
0 |
|a Road traffic injury prevention training manual
|h [electronic resource] /
|c Dinesh Mohan ... [et al.].
|
| 260 |
|
|
|a Geneva :
|b World Health Organization,
|c 2006.
|
| 300 |
|
|
|a 113 p. :
|b ill.
|
| 504 |
|
|
|a Includes bibliographical references.
|
| 533 |
|
|
|a Electronic reproduction. Ann Arbor, MI : ProQuest, 2015. Available via World Wide Web. Access may be limited to ProQuest affiliated libraries.
|
| 650 |
|
0 |
|a Traffic safety
|v Handbooks, manuals, etc.
|
| 655 |
|
4 |
|a Electronic books.
|
| 710 |
2 |
|
|a ProQuest (Firm)
|
| 856 |
4 |
0 |
|u https://ebookcentral.proquest.com/lib/matrademy/detail.action?docID=286852
|z Click to View
|